Principles of the law of evidence: A study of the Indian Evidence Act, 1872 (Record no. 95933)

MARC details
000 -LEADER
fixed length control field 00439nam a2200157Ia 4500
008 - FIXED-LENGTH DATA ELEMENTS--GENERAL INFORMATION
fixed length control field 230917s9999||||xx |||||||||||||| ||und||
040 ## - CATALOGING SOURCE
-- 78078
Original cataloging agency VIVEKANANDA LIBRARY
041 ## - Language
-- English
082 ## - DDC NUMBER
Classification number 345.06 A92P(10)
100 ## - MAIN ENTRY--PERSONAL NAME
Personal name Avtar Singh
245 #0 - TITLE STATEMENT
Title Principles of the law of evidence: A study of the Indian Evidence Act, 1872
250 ## - EDITION STATEMENT
Edition statement 10th ed.
260 ## - PUBLICATION, DISTRIBUTION, ETC. (IMPRINT)
Place of publication, distribution, etc Allahabad
Name of publisher, distributor, etc Central Law Agency
Date of publication, distribution, etc 1996
300 ## - PHYSICAL DESCRIPTION
Pages xxviii, 392 p.
942 ## - ADDED ENTRY ELEMENTS (KOHA)
Koha item type Books
Holdings
Withdrawn status Lost status Damaged status Not for loan Location (home branch) Sublocation or collection (holding branch) Date acquired Koha issues (times borrowed) Koha full call number Accession No. Koha date last seen Koha item type
        VIVEKANANDA LIBRARY VIVEKANANDA LIBRARY 11/03/2003   345.06 A92P(10) 178345 17/09/2023 Books
        VIVEKANANDA LIBRARY VIVEKANANDA LIBRARY 11/03/2003   345.06 A92P(10) 178346 17/09/2023 Books
        VIVEKANANDA LIBRARY VIVEKANANDA LIBRARY 11/03/2003   345.06 A92P(10) 178589 17/09/2023 Books
        VIVEKANANDA LIBRARY VIVEKANANDA LIBRARY 11/03/2003   345.06 A92P(10) 181173 17/09/2023 Books
        VIVEKANANDA LIBRARY VIVEKANANDA LIBRARY 11/03/2003   345.06 A92P(10) 181174 17/09/2023 Books
© Designed and Maintained by Vivekananda Library, MDU Rohtak